[Event "Zaragoza Province-ch Primera"]
[Site "Zaragoza"]
[Date "2015.11.08"]
[Round "6"]
[White "Moreno Martin Viveros, Alvaro"]
[Black "Ibanez Lasheras, Ramon"]
[Result "1-0"]
[WhiteElo "1806"]
[BlackElo "1680"]
[PlyCount "71"]
[EventDate "2015.09.27"]
[EventType "swiss"]
[EventRounds "6"]
[EventCountry "ESP"]
[SourceTitle "CBM 170 Extra"]
[Source "ChessBase"]
[SourceDate "2016.02.25"]
[SourceVersion "1"]
[SourceVersionDate "2016.02.25"]
[SourceQuality "1"]

1. e4 e6 2. d3 d5 3. Nd2 c5 4. Ngf3 Nc6 5. g3 d4 6. Bg2 Be7 7. 0-0 e5 8. a4 Nf6 9. h3 Be6 10. Ng5 Qd7 11. Nxe6 Qxe6 12. Nc4 0-0 13. f4 exf4 14. Bxf4 Nd7 15. Qh5 g6 16. Qd5 Rad8 17. Bh6 Rfe8 18. Qxe6 fxe6 19. h4 Bf8 20. Bxf8 Rxf8 21. Bh3 e5 22. Nd6 Nf6 23. Nxb7 Rb8 24. Nxc5 Rxb2 25. Be6+ Kg7 26. Bb3 Nd8 27. a5 Ng4 28. Rxf8 Kxf8 29. Na4 Rxb3 30. cxb3 Nc6 31. Rc1 Nxa5 32. b4 Nb3 33. Rc8+ Ke7 34. Rc7+ Ke6 35. Rxa7 Nf6 36. b5 1-0